00238nam a2200085 4500100002500000245005000025260002600075300000700101650004400108 aJayawardana,Y.A.H.A. aChemistry of Food Processing - Oil Processing aColombobICHEMCc2016 a32 aFood Processing a Oil Processinga2016